000 00643nam a2200205 a 4500
001 000041008
005 20201002034539.0
008 130913s1992 sp 000 0 spa d
020 _a8400072197
040 _aDO-SdBNP
_bspa
_cBNPHU
082 _axxxx
_bxxxx
100 1 _aMenéndez Pidal, Ramón
_942272
245 1 0 _aAntología de prosistas castellanos /
_cRamóm Menéndez Pidal.
250 _a7a ed.
260 _aMadrid :
_bCSIC,
_c1992.
300 _a310 p. ;
_c21 cm.
490 1 _aTExtos universitarios
_v8
504 _aIncluye referencias bibliográficas y notas al pie de las páginas
830 0 _aTextos universitarios
_n8
_967463
999 _c40498
_d40498